000 00209 a2200097 4500
020 _a8471767473
041 _aspa
100 _aBrightfield, Richard y Jones, Ron
245 _aEl Submarino Fantasma
942 _cBK
999 _c28537
_d28537